| 000 | 00585nam a2200217 u 4500 | ||
|---|---|---|---|
| 005 | 20240228064150.0 | ||
| 008 | 141001s2001 r 000 0 eng d | ||
| 020 | _a9681663985 | ||
| 035 | _aUPN01000199899 | ||
| 049 | _aI | ||
| 050 | 4 |
_aPZ74.3 _bD3.2 |
|
| 100 | 1 |
_aDa Coll, Ivar, _d1962- _932700 |
|
| 245 | 1 | 0 |
_aBalada peluda / _cIvar da Coll. |
| 260 |
_aMéxico : _bFCE, _c2001. |
||
| 300 |
_a38 p. : _bil. |
||
| 440 | 0 | _aA la orilla del viento | |
| 650 | 4 |
_aRimas infantiles _910247 |
|
| 650 | 4 |
_aLibros y lectura para niños _92290 |
|
| 905 | _aInfantil | ||
| 999 |
_c172000 _d172000 |
||